00519nam a2200193 a 4500001001300000003000900013005001700022008004100039020002300080082001800103100001900121245004700140260003700187300000900224500003500233505001000268650002800278700001900306nice12345678IN_TiNIC20260116014233.0050804s2004 dela grp 000 0 eng  a8189161318 c62500a371.9754bFAH aFahimuddin, Fa aModernization of Muslim Education in India aDelhibAdhyayan Publishersc2004 a266p aincludes index and biblioraphy2 aindex aEducation-Muslims India1 aFahimuddin, Fa